000 00564nam a2200193 4500
005 20260119170733.0
010 _aENG-147522
020 _a9789389934380
_c450.00
035 _aEN-131054
037 _bDBAD
082 _a181.45
_b1
100 _aGanguli, Siddhartha
_986594
245 _aThe Third Eye
_cSiddhartha Ganguli
_bThe Mystery of Sri Sri Ramakrishna's visions
250 _a1
260 _aNoida
_bAllied Publishers
_c2024
270 _aD-5, Sector-2
_bNoida
_e201301
300 _a154p.
_c23cm(Pb)
942 _2ddc
_cEN
_h181.45
_mGAN
999 _c214279
_d214279